• 首页
  • 本馆介绍
  • 公告通知
  • 最新文献
  • 馆藏检索
  • 电子资源
  • 读者导购
  • 参考咨询
  • 我的图书馆
  • 登录
  • 详细信息显示
  • 放入我的书架
  • 预约/预借图书
  • 作者相关作品
  • 分类相关作品
  • 丛书相关作品
  • 出版社相关作品

书目信息

  • 表格格式
  • 工作单格式
  • 卡片格式
题名:
瓦尔登湖
    
 
作者: 梭罗 著
分册:  
出版信息: 西安   陕西师范大学出版总社  2017
页数: 180页
开本: 24cm
丛书名: “新课标· 全悦读”丛书
单 册:
中图分类: I712.64
科图分类:
主题词: 游记--作品集--美国--近代
电子资源:
ISBN: 978-7-5613-8805-1
000 00757oam2 2200241 450
001 3719
005 20180527181827.05
010    @a978-7-5613-8805-1@dCNY22.00
100    @a20170802d2017 em y0chiy50 ea
101 1  @achi@ceng
102    @aCN@b610000
105    @aa z 000cy
200 1  @a瓦尔登湖@9wa er deng hu@f(美)亨利·戴维·梭罗著
210    @a西安@c陕西师范大学出版总社@d2017
215    @a180页@c照片@d24cm
225 1  @a“新课标· 全悦读”丛书@f林毓文主编
461  0 @12001 @a“新课标· 全悦读”丛书
500 10 @a瓦尔登湖@9wa er deng hu
606 0  @a游记@x作品集@y美国@z近代
690    @aI712.64@v5
701  0 @c(美)@a梭罗@9suo luo@c(Thoreau, Henry David@f1817~1862)@4著
801  0 @aCN@b91MARC@c20170802
905    @aMuseLib@dI712.64@e1067
    
    瓦尔登湖/(美)亨利·戴维·梭罗著.-西安:陕西师范大学出版总社,2017
    180页:照片;24cm.-(“新课标· 全悦读”丛书/林毓文主编)
    
    
    ISBN 978-7-5613-8805-1:CNY22.00
    
●
相关链接 在E读中查询图书 在五车中查询图书 在当当中查询图书 在豆瓣中查询图书


正题名:瓦尔登湖     索取号:I712.64/1067         预约/预借

序号 登录号 条形码 馆藏地/架位号 状态 备注
1 1110339   211103394   第一样本阅览室/ [索取号:I712.64/1067] 在馆    
2 1110340   211103401   教育系资料室/ [索取号:I712.64/1067] 在馆    
3 1110341   211103410   教育系资料室/ [索取号:I712.64/1067] 在馆    
4 1110342   211103429   第二借阅区/ [索取号:I712.64/1067] 在馆    
唐山师范学院图书馆 欢迎您!
大连网信软件有限公司© 版权所有